[Event "CAN op"]
[Site "Hamilton CAN"]
[Date "2022.07.14"]
[Round "5.102"]
[White "Mullur, Neerav"]
[Black "Takeuchi, Nobuko"]
[Result "1-0"]
[WhiteElo "1459"]
[BlackElo "927"]
[PlyCount "83"]
[EventDate "2022.07.12"]
[EventType "swiss"]
[EventRounds "9"]
[EventCountry "CAN"]

1. e4 c5 2. c3 e6 3. d4 d5 4. e5 cxd4 5. cxd4 Nc6 6. Nf3 Nge7 7. a3 Nf5 8. Be3
Be7 9. Bd3 Nxe3 10. fxe3 Bh4+ 11. g3 Be7 12. O-O O-O 13. Nc3 a6 14. Ne2 Bg5 15.
Nf4 Bxf4 16. exf4 b5 17. Qc2 h6 18. Qxc6 Bd7 19. Qc2 f5 20. Nd2 Rc8 21. Qd1 Qb6
22. Nb3 a5 23. Nc5 Rcd8 24. b4 axb4 25. axb4 g6 26. Ra6 Qc7 27. Qa1 Bc8 28.
Nxe6 Bxe6 29. Rxe6 Ra8 30. Qc1 Qf7 31. Qc6 Kg7 32. Rf6 Rac8 33. Rxf7+ Kxf7 34.
Qf6+ Ke8 35. Qxg6+ Kd8 36. Bxf5 Rc7 37. Qd6+ Ke8 38. Qxc7 Rxf5 39. Qc8+ Kf7 40.
Qxf5+ Ke7 41. Rc1 h5 42. Rc7+ 1-0

[Event "CAN op"]
[Site "Hamilton CAN"]
[Date "2022.07.14"]
[Round "5.103"]
[White "Chepelev, Ivan"]
[Black "Di Tommaso, Brittany"]
[Result "1-0"]
[WhiteElo "1377"]
[BlackElo "925"]
[PlyCount "91"]
[EventDate "2022.07.12"]
[EventType "swiss"]
[EventRounds "9"]
[EventCountry "CAN"]

1. Nf3 d5 2. c4 Nf6 3. d4 e6 4. Nc3 Bb4 5. Bg5 O-O 6. Qc2 c6 7. a3 Bxc3+ 8.
Qxc3 h6 9. Bh4 Nbd7 10. e3 Qe8 11. Bd3 Ne4 12. Bxe4 dxe4 13. Nd2 e5 14. Bg3
exd4 15. Qxd4 c5 16. Qd5 Qd8 17. Nxe4 Qb6 18. Qd2 Nf6 19. Nc3 Qb3 20. O-O Qxc4
21. Rac1 Ne4 22. Nxe4 Qxe4 23. Rxc5 b6 24. Rc7 Ba6 25. Rfc1 Rad8 26. Qb4 Qd5
27. Rxa7 Qd1+ 28. Qe1 Qxe1+ 29. Rxe1 Be2 30. h3 Bc4 31. Rc1 Be2 32. a4 Rd2 33.
b4 Rfd8 34. Rcc7 Rb2 35. b5 Rd1+ 36. Kh2 Rbb1 37. Rc8+ Kh7 38. Bc7 h5 39. Kg3
g5 40. h4 Rdc1 41. hxg5 Kg6 42. Raa8 Kxg5 43. Bf4+ Kf5 44. Rxc1 Rxc1 45. e4+
Kxe4 46. Bxc1 1-0

[Event "CAN op"]
[Site "Hamilton CAN"]
[Date "2022.07.14"]
[Round "5.104"]
[White "Sun, Jonathan"]
[Black "Pickard, Michael"]
[Result "1-0"]
[WhiteElo "873"]
[BlackElo "1324"]
[PlyCount "115"]
[EventDate "2022.07.12"]
[EventType "swiss"]
[EventRounds "9"]
[EventCountry "CAN"]

1. d4 d5 2. c4 Nf6 3. Nf3 Nc6 4. Nc3 Bf5 5. Bf4 e6 6. a3 Bd6 7. Bg3 O-O 8. e3
Bg4 9. Bd3 dxc4 10. Bxc4 e5 11. h3 Bh5 12. Qc2 Re8 13. Qd3 Bxf3 14. gxf3 exd4
15. Ne4 dxe3 16. Rg1 exf2+ 17. Bxf2 Ne5 18. Qe2 Nxf3+ 19. Qxf3 Rxe4+ 20. Kf1
Rxc4 21. Rd1 g6 22. Bd4 Kg7 23. b3 Rc2 24. Rg5 Qe7 25. Re1 Qd8 26. Rd1 h6 27.
Rg1 g5 28. h4 Kg6 29. Qd3+ Kh5 30. Qxc2 Qd7 31. Bxf6 Qh3+ 32. Qg2 Qf5+ 33. Qf2
Qb5+ 34. Qe2+ Qxe2+ 35. Kxe2 gxh4 36. Rh1 Re8+ 37. Kd3 Bg3 38. Rdg1 Re6 39.
Rxg3 Rxf6 40. Ke3 c5 41. Rgh3 Kg6 42. Rxh4 Kg7 43. Rh5 b6 44. Ke4 Rc6 45. Kd5
Rf6 46. Rg1+ Kh7 47. Rgg5 a6 48. Rf5 Rxf5+ 49. Rxf5 Kg6 50. Rf1 f5 51. Kc6 h5
52. Kxb6 h4 53. Kxc5 Kg5 54. Kd4 Kg4 55. Ke5 h3 56. Rxf5 Kg3 57. Rf1 Kg2 58.
Ra1 1-0

[Event "CAN op"]
[Site "Hamilton CAN"]
[Date "2022.07.14"]
[Round "5.105"]
[White "Deshpande, Nevin"]
[Black "Chua, Zachary"]
[Result "1-0"]
[WhiteElo "1322"]
[BlackElo "861"]
[PlyCount "49"]
[EventDate "2022.07.12"]
[EventType "swiss"]
[EventRounds "9"]
[EventCountry "CAN"]

1. c4 e6 2. Nc3 d5 3. d4 Nf6 4. g3 Be7 5. Bg2 c6 6. Nf3 Nbd7 7. cxd5 cxd5 8.
O-O O-O 9. a3 b6 10. Bf4 Bb7 11. Nb5 Ne4 12. Rc1 Ndf6 13. Rc7 Ba6 14. Rxe7 Qxe7
15. Nc7 Bb7 16. Nxa8 Nh5 17. Nxb6 Nxf4 18. gxf4 axb6 19. Ne5 f6 20. Nd3 Nd6 21.
Qb3 Nc4 22. Rd1 Qf7 23. Qb4 Qc7 24. Rc1 Qd6 25. Rxc4 1-0

[Event "CAN op"]
[Site "Hamilton CAN"]
[Date "2022.07.14"]
[Round "5.113"]
[White "Brown, John R"]
[Black "Li, Justin"]
[Result "0-1"]
[WhiteElo "1409"]
[BlackElo "1424"]
[PlyCount "54"]
[EventDate "2022.07.12"]
[EventType "swiss"]
[EventRounds "9"]
[EventCountry "CAN"]

1. e4 c6 2. d4 d5 3. Nc3 dxe4 4. Nxe4 Bf5 5. Ng3 Bg6 6. Nf3 Nd7 7. Bc4 e6 8.
O-O Bd6 9. Re1 Qc7 10. Ne4 Bxe4 11. Rxe4 Ngf6 12. Re1 O-O 13. Bd3 c5 14. dxc5
Nxc5 15. Bg5 Nxd3 16. Qxd3 Be7 17. Qe2 Rac8 18. c3 Nd5 19. Bxe7 Nxe7 20. Qe5
Rfd8 21. Qh5 Ng6 22. Re4 Rd5 23. Qh3 Rcd8 24. Rae1 Qa5 25. Rd4 Rxd4 26. Nxd4
Rxd4 27. b4 Qe5 0-1

[Event "CAN op"]
[Site "Hamilton CAN"]
[Date "2022.07.14"]
[Round "5.114"]
[White "Zapata, Edgar"]
[Black "Zhong, Victor"]
[Result "1-0"]
[WhiteElo "1151"]
[BlackElo "1141"]
[PlyCount "73"]
[EventDate "2022.07.12"]
[EventType "swiss"]
[EventRounds "9"]
[EventCountry "CAN"]

1. e4 c6 2. Nf3 d5 3. exd5 cxd5 4. d4 Nf6 5. Bd3 e6 6. h4 Bd6 7. h5 h6 8. Nc3
Nc6 9. a3 a5 10. Ne2 e5 11. dxe5 Nxe5 12. Nxe5 Bxe5 13. c3 O-O 14. Qc2 Re8 15.
Bd2 b6 16. O-O-O Ba6 17. f3 Bxd3 18. Qxd3 Rc8 19. Nd4 Bxd4 20. Qxd4 Rc4 21. Qf2
Qd6 22. Rh4 Rxh4 23. Qxh4 Re2 24. Qh3 d4 25. Qc8+ Kh7 26. g4 dxc3 27. Qxc3 Qc5
28. Qxc5 bxc5 29. Bxa5 Rf2 30. Rd3 g6 31. hxg6+ fxg6 32. Bc3 Rf1+ 33. Kc2 c4
34. Rd6 Rxf3 35. Bxf6 h5 36. gxh5 gxh5 37. Bd8 1-0

[Event "CAN op"]
[Site "Hamilton CAN"]
[Date "2022.07.14"]
[Round "5.115"]
[White "Callaghan, Ken"]
[Black "McKitrick, Jerry"]
[Result "1-0"]
[WhiteElo "1081"]
[BlackElo "1050"]
[PlyCount "97"]
[EventDate "2022.07.12"]
[EventType "swiss"]
[EventRounds "9"]
[EventCountry "CAN"]

1. d4 Nf6 2. e3 e6 3. Bd3 b6 4. Nf3 Bb7 5. Nbd2 Be7 6. Qe2 d5 7. O-O O-O 8. c3
c5 9. b3 Nc6 10. e4 dxe4 11. Nxe4 g6 12. Bh6 Re8 13. Nfd2 cxd4 14. Nf3 Nxe4 15.
Bxe4 dxc3 16. Rfd1 Qc7 17. Rac1 Red8 18. Re1 Bf8 19. Qe3 Rd7 20. Bxf8 Rxf8 21.
Qxc3 Rc8 22. Qf6 Qd8 23. Qxd8+ Rdxd8 24. h3 Rd7 25. Bxc6 Rxc6 26. Rxc6 Bxc6 27.
Ne5 Rd6 28. Nc4 Rd4 29. Re2 Bb5 30. Rc2 Bxc4 31. bxc4 Kf8 32. c5 b5 33. c6 Rc4
34. Rxc4 bxc4 35. c7 Kg7 36. c8=Q Kf6 37. Qxc4 h5 38. Qd4+ e5 39. Qxa7 Ke6 40.
Qb6+ Kf5 41. a4 f6 42. a5 g5 43. g4+ hxg4 44. hxg4+ Kxg4 45. Qxf6 e4 46. Qe5
Kh4 47. Qxe4+ g4 48. f3 Kh5 49. Qxg4+ 1-0

[Event "CAN op"]
[Site "Hamilton CAN"]
[Date "2022.07.15"]
[Round "6.1"]
[White "Hambleton, Aman"]
[Black "Heran-Boily, Samuel"]
[Result "1-0"]
[WhiteElo "2549"]
[BlackElo "1871"]
[PlyCount "75"]
[EventDate "2022.07.12"]
[EventType "swiss"]
[EventRounds "9"]
[EventCountry "CAN"]

1. c4 e5 2. g3 g6 3. Bg2 Bg7 4. Nc3 Ne7 5. h4 h6 6. e4 d6 7. d3 Be6 8. Nge2 Nd7
9. h5 g5 10. f4 exf4 11. gxf4 Bxc3+ 12. Nxc3 f6 13. Be3 c6 14. Qd2 Qc7 15.
O-O-O O-O-O 16. Kb1 Kb8 17. Rc1 Qa5 18. b3 Nb6 19. Qb2 Nd7 20. b4 Qa6 21. b5
Qa5 22. bxc6 Nxc6 23. e5 Qb4 24. exd6 Qxd6 25. Bxa7+ Kc8 26. Ka1 Nc5 27. Nb5
Qe7 28. Bxc5 Qxc5 29. d4 Nxd4 30. Bxb7+ Kb8 31. Bd5 Bxd5 32. cxd5 Qxb5 33. Qxd4
Ka8 34. Rh3 Rd6 35. Rb3 Qa5 36. Rc5 Qa7 37. Qc3 Rb6 38. Ra5 1-0

[Event "CAN op"]
[Site "Hamilton CAN"]
[Date "2022.07.15"]
[Round "6.2"]
[White "Ortiz Suarez, Isan Reynaldo"]
[Black "Noritsyn, Nikolay"]
[Result "1/2-1/2"]
[WhiteElo "2526"]
[BlackElo "2557"]
[PlyCount "156"]
[EventDate "2022.07.12"]
[EventType "swiss"]
[EventRounds "9"]
[EventCountry "CAN"]

1. Nf3 e6 2. c4 d5 3. d4 dxc4 4. e3 b5 5. a4 b4 6. Bxc4 Nf6 7. O-O Bb7 8. Nbd2
Nbd7 9. Qe2 c5 10. Nb3 Be7 11. dxc5 O-O 12. Bd2 a5 13. Rac1 Nxc5 14. Nxc5 Bxc5
15. Rfd1 Qb6 16. Bb5 Bd6 17. Be1 Rac8 18. Nd2 Rxc1 19. Rxc1 Bb8 20. f3 Nd5 21.
Nc4 Qd8 22. Rd1 f5 23. Bg3 Bxg3 24. hxg3 Qc7 25. e4 Qc5+ 26. Kf1 fxe4 27. Qxe4
Rf6 28. Qd4 Qc7 29. Kf2 h6 30. Rd2 Bc6 31. Qc5 Bxb5 32. Qxc7 Nxc7 33. axb5 Nxb5
34. Nxa5 Nc7 35. Nc6 Nd5 36. Rd4 Rf8 37. Nxb4 Nxb4 38. Rxb4 Rc8 39. Re4 Kf7 40.
b4 Ke7 41. g4 Kd6 42. Rd4+ Ke5 43. Rd2 Rc4 44. Rb2 Kd6 45. b5 Kc7 46. Re2 Kd6
47. Ra2 Rb4 48. Ra6+ Kd5 49. Rb6 Rb2+ 50. Kg3 g5 51. Kh2 Rb1 52. Rb8 Kc5 53.
Rh8 Rxb5 54. Rxh6 Kd6 55. Rh7 Ke5 56. Rf7 Rb2 57. Kh3 Rb4 58. Rf8 Ra4 59. Kh2
Rb4 60. Kg1 Rb1+ 61. Kf2 Rb2+ 62. Kg3 Rb4 63. Rh8 Kf6 64. Rh6+ Kf7 65. Rh1 Kf6
66. Rf1 Ra4 67. Rf2 Rb4 68. Kh3 Ra4 69. g3 Rb4 70. f4 Ra4 71. fxg5+ Kxg5 72.
Rf8 Ra1 73. Rg8+ Kf6 74. g5+ Kf7 75. Rb8 Ra4 76. Rh8 Kg6 77. Rh6+ Kxg5 78. Rxe6
Rb4 1/2-1/2

[Event "CAN op"]
[Site "Hamilton CAN"]
[Date "2022.07.15"]
[Round "6.4"]
[White "Rodrigue-Lemieux, Shawn"]
[Black "Samsonkin, Artiom"]
[Result "1-0"]
[WhiteElo "2493"]
[BlackElo "2539"]
[PlyCount "125"]
[EventDate "2022.07.12"]
[EventType "swiss"]
[EventRounds "9"]
[EventCountry "CAN"]

1. c4 Nf6 2. g3 e5 3. Bg2 c6 4. d4 e4 5. Nc3 d5 6. cxd5 cxd5 7. Bg5 Nbd7 8. Qb3
Bd6 9. Nh3 h6 10. Bf4 Bxf4 11. Nxf4 Nb6 12. a4 a5 13. Qb5+ Bd7 14. Qc5 Bc6 15.
Nb5 Nbd7 16. Qa3 Bxb5 17. axb5 Qe7 18. Qc3 O-O 19. Rxa5 Rac8 20. Qd2 g5 21. Nh3
e3 22. fxe3 Ng4 23. e4 Nb6 24. b3 dxe4 25. O-O Nd5 26. Raa1 Nde3 27. Rfc1 Nxg2
28. Kxg2 Qd7 29. Rxc8 Rxc8 30. Rc1 Rxc1 31. Qxc1 Kh7 32. Qc5 Ne3+ 33. Kf2 Nd1+
34. Ke1 Ne3 35. Nf2 f5 36. g4 Qxd4 37. Qxd4 Nc2+ 38. Kd2 Nxd4 39. gxf5 Nxb5 40.
Nxe4 Nd4 41. Nd6 Kg7 42. b4 Kf6 43. Kd3 Nxf5 44. Nxb7 Ke5 45. b5 Ne7 46. Nd8
Kd6 47. Nf7+ Kc5 48. Nxh6 Kxb5 49. Nf7 Kc5 50. Ke4 g4 51. Nh6 Nd5 52. Nxg4 Kd6
53. Kf5 Ke7 54. e4 Nc7 55. h4 Kf7 56. h5 Kg7 57. h6+ Kh7 58. e5 Kh8 59. Kf6 Kg8
60. Ke7 Nd5+ 61. Kd6 Nf4 62. e6 Kf8 63. e7+ 1-0

[Event "CAN op"]
[Site "Hamilton CAN"]
[Date "2022.07.15"]
[Round "6.5"]
[White "Liang, Jason"]
[Black "Jaferian, Koosha"]
[Result "1/2-1/2"]
[WhiteElo "2515"]
[BlackElo "2336"]
[PlyCount "93"]
[EventDate "2022.07.12"]
[EventType "swiss"]
[EventRounds "9"]
[EventCountry "CAN"]

1. e4 c6 2. d4 d5 3. e5 Bf5 4. Nd2 e6 5. Nb3 a6 6. Nf3 c5 7. dxc5 Bxc5 8. Nxc5
Qa5+ 9. c3 Qxc5 10. Nd4 Ne7 11. Qa4+ Nbc6 12. Be3 Qa5 13. Qxa5 Nxa5 14. Nxf5
Nxf5 15. Bb6 Nc4 16. Bxc4 dxc4 17. a4 Ne7 18. a5 Nd5 19. Bd4 f5 20. exf6 gxf6
21. g3 e5 22. Be3 Nxe3 23. fxe3 O-O 24. Ra4 Rac8 25. Ke2 Rf7 26. Rd1 Rc5 27.
Kf3 Kg7 28. Rd6 Rb5 29. Rb6 Rc7 30. Rb4 Rxa5 31. Rxb7 Rxb7 32. Rxb7+ Kg6 33. h3
h5 34. Rb4 Rc5 35. Rb6 a5 36. Ke4 Kg5 37. Kf3 Kg6 38. g4 hxg4+ 39. Kxg4 Rd5 40.
h4 Rd2 41. h5+ Kg7 42. Kg3 Re2 43. Kf3 Rh2 44. Kg4 Rg2+ 45. Kf3 Rh2 46. Kg4
Rg2+ 47. Kf3 1/2-1/2

[Event "CAN op"]
[Site "Hamilton CAN"]
[Date "2022.07.15"]
[Round "6.6"]
[White "Perez Rodriguez, Luis Manuel"]
[Black "Fedorowicz, John"]
[Result "1/2-1/2"]
[WhiteElo "2328"]
[BlackElo "2495"]
[PlyCount "22"]
[EventDate "2022.07.12"]
[EventType "swiss"]
[EventRounds "9"]
[EventCountry "CAN"]

1. e4 c6 2. d4 d5 3. exd5 cxd5 4. c4 Nf6 5. Nc3 g6 6. Qb3 Bg7 7. cxd5 O-O 8.
Nge2 Nbd7 9. g3 Nb6 10. Bg2 Bf5 11. Nf4 Ne8 1/2-1/2

[Event "CAN op"]
[Site "Hamilton CAN"]
[Date "2022.07.15"]
[Round "6.7"]
[White "Zhang, Yuanchen"]
[Black "Rusonik, Max"]
[Result "1/2-1/2"]
[WhiteElo "2464"]
[BlackElo "2312"]
[PlyCount "66"]
[EventDate "2022.07.12"]
[EventType "swiss"]
[EventRounds "9"]
[EventCountry "CAN"]

1. d4 Nf6 2. c4 e6 3. Nc3 Bb4 4. e3 O-O 5. Bd2 d5 6. Nf3 b6 7. cxd5 exd5 8. Rc1
Be7 9. Bd3 Bb7 10. O-O c5 11. Ne5 Nc6 12. Be1 Bd6 13. f4 cxd4 14. Nxc6 Bxc6 15.
exd4 Qe8 16. Bh4 Ne4 17. f5 f6 18. Nxe4 dxe4 19. Bc4+ Kh8 20. Be6 Rd8 21. Qb3
Bb5 22. Rf2 Bd3 23. Qc3 Qa4 24. b3 Qb4 25. d5 e3 26. Qxd3 Qxh4 27. Rfc2 Qxh2+
28. Kf1 Qf4+ 29. Ke2 Qf2+ 30. Kd1 Qg1+ 31. Ke2 Qf2+ 32. Kd1 Qg1+ 33. Ke2 Qf2+
1/2-1/2

[Event "CAN op"]
[Site "Hamilton CAN"]
[Date "2022.07.15"]
[Round "6.8"]
[White "Chen, Max"]
[Black "Chiku-Ratte, Olivier-Kenta"]
[Result "0-1"]
[WhiteElo "2299"]
[BlackElo "2458"]
[PlyCount "66"]
[EventDate "2022.07.12"]
[EventType "swiss"]
[EventRounds "9"]
[EventCountry "CAN"]

1. e4 c6 2. d4 d5 3. exd5 cxd5 4. Nf3 Nc6 5. Bb5 Nf6 6. Ne5 Bd7 7. Nxd7 Qxd7 8.
c3 e6 9. Nd2 a6 10. Bd3 Bd6 11. Nf3 O-O 12. O-O Qc7 13. Re1 Nd7 14. Bb1 Rae8
15. Qd3 f5 16. a3 Na5 17. Ba2 Nf6 18. Ne5 Bxe5 19. dxe5 Nd7 20. Bf4 Nc5 21. Qe2
Na4 22. Rac1 Rc8 23. c4 dxc4 24. b4 Nc6 25. Qxc4 Rce8 26. Red1 Nb2 27. Qc5 Nxd1
28. Rxd1 Kh8 29. Rd6 Qe7 30. Bxe6 Rd8 31. Qd5 Rfe8 32. Be3 Nxe5 33. Bg5 Qxd6
0-1

[Event "CAN op"]
[Site "Hamilton CAN"]
[Date "2022.07.15"]
[Round "6.9"]
[White "Hua, Eugene"]
[Black "Zomorrodian, Eilia"]
[Result "1-0"]
[WhiteElo "2392"]
[BlackElo "2263"]
[PlyCount "91"]
[EventDate "2022.07.12"]
[EventType "swiss"]
[EventRounds "9"]
[EventCountry "CAN"]

1. e4 c5 2. Nf3 e6 3. b3 b6 4. c4 Bb7 5. Nc3 d6 6. g3 Nf6 7. Qe2 Nc6 8. Bg2 g6
9. Bb2 Bg7 10. O-O O-O 11. Rad1 Nd7 12. d3 a6 13. Nb1 Nde5 14. Ne1 Nd4 15. Bxd4
cxd4 16. Nd2 Nd7 17. f4 e5 18. Nc2 a5 19. Na3 Bc6 20. Nb5 Nc5 21. Rf2 Bh6 22.
Rdf1 a4 23. b4 Na6 24. Nxd4 exd4 25. b5 Bxb5 26. cxb5 Nc7 27. e5 d5 28. Nf3
Nxb5 29. Qb2 Ra5 30. Nxd4 Qd7 31. Kh1 a3 32. Qb4 Nxd4 33. Qxd4 Qb5 34. f5 Bg7
35. f6 Bh6 36. e6 Qc5 37. Qg4 fxe6 38. d4 Qc8 39. Qh4 Be3 40. f7+ Kg7 41. Qf6+
Kh6 42. Rf3 Bg5 43. Qe5 Qd8 44. g4 Bh4 45. Rh3 g5 46. Rhf3 1-0

[Event "CAN op"]
[Site "Hamilton CAN"]
[Date "2022.07.15"]
[Round "6.10"]
[White "Dukic, Zachary"]
[Black "Doknjas, Neil"]
[Result "1/2-1/2"]
[WhiteElo "2353"]
[BlackElo "2262"]
[PlyCount "43"]
[EventDate "2022.07.12"]
[EventType "swiss"]
[EventRounds "9"]
[EventCountry "CAN"]

1. d4 Nf6 2. c4 e6 3. Nc3 Bb4 4. f3 d5 5. a3 Bxc3+ 6. bxc3 c5 7. cxd5 Nxd5 8.
dxc5 f5 9. Nh3 Qa5 10. e4 fxe4 11. fxe4 Nf6 12. Nf2 Qxc3+ 13. Bd2 Qe5 14. Rc1
Nbd7 15. Qc2 O-O 16. Bd3 b6 17. cxb6 axb6 18. O-O Nc5 19. Bc3 Qg5 20. Bd2 Qe5
21. Bc3 Qg5 22. Bd2 1/2-1/2

[Event "CAN op"]
[Site "Hamilton CAN"]
[Date "2022.07.15"]
[Round "6.11"]
[White "Trofimov-Malyshkin, Valentyn"]
[Black "Vera, Reynaldo"]
[Result "0-1"]
[WhiteElo "1717"]
[BlackElo "2445"]
[PlyCount "98"]
[EventDate "2022.07.12"]
[EventType "swiss"]
[EventRounds "9"]
[EventCountry "CAN"]

1. e4 c5 2. Nf3 a6 3. d4 cxd4 4. Nxd4 Nf6 5. Nc3 e5 6. Nf3 Bb4 7. Bd2 O-O 8.
Bd3 d6 9. h3 Nbd7 10. a3 Bxc3 11. Bxc3 Nc5 12. Qe2 Na4 13. Qd2 Qc7 14. Ba5 b6
15. Qb4 Bd7 16. Bxb6 Nxb6 17. O-O a5 18. Qd2 d5 19. Rfe1 Rfe8 20. b3 Bc6 21.
exd5 Nbxd5 22. c4 Nf4 23. Be2 Rad8 24. Qe3 Qb7 25. Rad1 Nxe2+ 26. Qxe2 Qxb3 27.
Rxd8 Rxd8 28. Nxe5 Ba8 29. Ng4 Qxa3 30. Nxf6+ gxf6 31. Qg4+ Kh8 32. Qf5 Qc3 33.
Re3 Qa1+ 34. Kh2 Rg8 35. Rg3 Qe5 36. Qd3 Bc6 37. Qd2 Rxg3 38. fxg3 a4 39. Qb4
Kg7 40. c5 Qe2 41. Qg4+ Qxg4 42. hxg4 a3 43. g5 a2 44. gxf6+ Kxf6 45. g4 a1=Q
46. Kg3 Kg5 47. Kf2 Qd4+ 48. Ke1 Qe3+ 49. Kd1 Ba4# 0-1

[Event "CAN op"]
[Site "Hamilton CAN"]
[Date "2022.07.15"]
[Round "6.12"]
[White "Banerjee, Bitan"]
[Black "Yang, Jingyun (Ryan)"]
[Result "1-0"]
[WhiteElo "2502"]
[BlackElo "2141"]
[PlyCount "83"]
[EventDate "2022.07.12"]
[EventType "swiss"]
[EventRounds "9"]
[EventCountry "CAN"]

1. d4 Nf6 2. Bg5 e6 3. e4 h6 4. Bxf6 Qxf6 5. Nc3 Bb4 6. Nf3 b6 7. Bd3 Bb7 8.
O-O Bxc3 9. bxc3 O-O 10. Ne5 d6 11. Ng4 Qe7 12. Qd2 Nd7 13. Rae1 Qh4 14. f3 e5
15. Ne3 Qg5 16. f4 exf4 17. Nf5 Nf6 18. h4 Qh5 19. Be2 Nxe4 20. Qxf4 g5 21. Qe3
g4 22. Bxg4 Qg6 23. Ne7+ Kh7 24. Nxg6 fxg6 25. Rxf8 Rxf8 26. Bf3 d5 27. Bxe4
dxe4 28. Rf1 Rxf1+ 29. Kxf1 Bd5 30. Qf4 c6 31. Qc7+ Kg8 32. Qxa7 b5 33. Kf2 Kh8
34. Ke3 g5 35. hxg5 hxg5 36. a3 Kg8 37. Qe7 g4 38. Kf4 e3 39. Kg5 e2 40. Kf6
Bf7 41. Qxf7+ Kh8 42. Qg7# 1-0

[Event "CAN op"]
[Site "Hamilton CAN"]
[Date "2022.07.15"]
[Round "6.13"]
[White "Talukdar, Rohan"]
[Black "Bailey, Doug"]
[Result "1-0"]
[WhiteElo "2457"]
[BlackElo "2165"]
[PlyCount "57"]
[EventDate "2022.07.12"]
[EventType "swiss"]
[EventRounds "9"]
[EventCountry "CAN"]

1. e4 c5 2. Nc3 Nc6 3. Bb5 Nd4 4. Nf3 e6 5. O-O a6 6. Bd3 d6 7. Nxd4 cxd4 8.
Ne2 Qb6 9. a4 Ne7 10. a5 Qa7 11. c3 dxc3 12. dxc3 Qb8 13. Ng3 h5 14. Nxh5 Qc7
15. Be3 Ng6 16. f4 Qe7 17. g3 Bd7 18. Bb1 Bc6 19. f5 Rxh5 20. Qxh5 Ne5 21. Bc2
Nd7 22. Ba4 Rc8 23. Bxc6 Rxc6 24. fxe6 Qxe6 25. Bd4 Ne5 26. Qf5 Qe7 27. Bxe5
dxe5 28. Rad1 g6 29. Qg4 1-0

[Event "CAN op"]
[Site "Hamilton CAN"]
[Date "2022.07.15"]
[Round "6.14"]
[White "Chen, Richard"]
[Black "Ouellet, Maili-Jade"]
[Result "1-0"]
[WhiteElo "1955"]
[BlackElo "2361"]
[PlyCount "125"]
[EventDate "2022.07.12"]
[EventType "swiss"]
[EventRounds "9"]
[EventCountry "CAN"]

1. e4 c5 2. Nf3 d6 3. d4 cxd4 4. Nxd4 Nf6 5. Nc3 a6 6. Bd3 e5 7. Nb3 Be7 8. O-O
O-O 9. Qe2 b5 10. f3 Be6 11. Be3 Nbd7 12. Qf2 Rb8 13. a4 b4 14. Nd5 Nxd5 15.
exd5 Bxd5 16. Bxa6 Qc7 17. Rfd1 Be6 18. Bb5 Nf6 19. Rac1 Nd5 20. Bd2 h6 21. c4
bxc3 22. Bxc3 Bg5 23. Bd2 Qd8 24. Na5 Qf6 25. Bxg5 Qxg5 26. Qd2 Nf4 27. Kh1 Ra8
28. b4 d5 29. g3 Qh5 30. gxf4 Qxf3+ 31. Qg2 Qxf4 32. Rg1 g6 33. Nc6 Kh8 34.
Rcf1 Qh4 35. Qf2 Qe4+ 36. Qf3 Bf5 37. Kg2 Qh4 38. Qg3 Qe4+ 39. Qf3 Qh4 40. Qg3
Qe4+ 41. Qf3 Rfe8 42. Qxe4 Bxe4+ 43. Kf2 Re6 44. Ra1 Rf6+ 45. Ke2 Bf3+ 46. Kd2
Rf5 47. Rgf1 d4 48. Nxe5 Rxe5 49. Rxf3 Rxb5 50. Rb3 Rg5 51. b5 Rg2+ 52. Kd3
Rxh2 53. b6 Rh5 54. a5 Rc8 55. b7 Rh3+ 56. Kxd4 Rd8+ 57. Kc4 Rh4+ 58. Kc5 Rh2
59. a6 Rc2+ 60. Kb6 Re8 61. a7 Re6+ 62. Ka5 Re5+ 63. Rb5 1-0

[Event "CAN op"]
[Site "Hamilton CAN"]
[Date "2022.07.15"]
[Round "6.17"]
[White "Huang, Youhe"]
[Black "Sharma, Vishruth"]
[Result "0-1"]
[WhiteElo "2237"]
[BlackElo "2106"]
[PlyCount "104"]
[EventDate "2022.07.12"]
[EventType "swiss"]
[EventRounds "9"]
[EventCountry "CAN"]

1. e4 e5 2. Nf3 Nc6 3. Bb5 a6 4. Ba4 Nf6 5. d3 d6 6. c3 g6 7. d4 b5 8. Bb3 Bg4
9. Be3 Na5 10. Bc2 Nc4 11. Bc1 Qe7 12. O-O Bg7 13. a4 Nb6 14. axb5 axb5 15.
Rxa8+ Nxa8 16. h3 Bd7 17. Qe2 O-O 18. Nbd2 Nh5 19. Re1 Nf4 20. Qf1 Qf6 21. dxe5
dxe5 22. Nh2 c5 23. Nb3 Rc8 24. Be3 Bf8 25. Rd1 Nb6 26. Kh1 Be6 27. Ng4 Bxg4
28. hxg4 Nc4 29. g3 Ne6 30. Nd2 Nxe3 31. fxe3 Qxf1+ 32. Nxf1 Ra8 33. Nd2 Bh6
34. Nf3 Ra2 35. Rb1 c4 36. Nxe5 Bg7 37. Nd7 Bxc3 38. bxc3 Rxc2 39. Rxb5 Rxc3
40. g5 Rxe3 41. Nf6+ Kg7 42. Ne8+ Kf8 43. Nf6 Rb3 44. Ra5 Ke7 45. Ng8+ Kd6 46.
Nh6 c3 47. Nxf7+ Kc7 48. Ra4 Rb5 49. Ra2 Rc5 50. Rc2 Nd4 51. Rc1 c2 52. e5 Ne2
0-1

[Event "CAN op"]
[Site "Hamilton CAN"]
[Date "2022.07.15"]
[Round "6.18"]
[White "Sambuev, Bator"]
[Black "Mok, Gillian"]
[Result "1-0"]
[WhiteElo "2568"]
[BlackElo "1735"]
[PlyCount "111"]
[EventDate "2022.07.12"]
[EventType "swiss"]
[EventRounds "9"]
[EventCountry "CAN"]

1. d4 Nf6 2. Nf3 g6 3. c4 Bg7 4. Nc3 d6 5. e4 O-O 6. Be2 e5 7. O-O Nc6 8. d5
Ne7 9. Ne1 Nd7 10. Nd3 f5 11. Bd2 a6 12. b4 f4 13. c5 Nf6 14. f3 g5 15. Kh1 Qe8
16. Rg1 Nh5 17. g4 fxg3 18. hxg3 Nf4 19. g4 h5 20. Bxf4 exf4 21. e5 hxg4 22.
fxg4 dxe5 23. Nf2 Qf7 24. Bf3 e4 25. Nfxe4 Bxc3 26. Nxc3 Qh7+ 27. Kg2 Ng6 28.
d6 Be6 29. Rh1 Qg7 30. Qd2 Rae8 31. Rae1 Nh4+ 32. Kf2 Nxf3 33. Kxf3 Qd7 34. Qd4
Bxg4+ 35. Kf2 Qg7 36. Qd5+ Qf7 37. Qxg5+ Qg7 38. Qxg7+ Kxg7 39. Reg1 cxd6 40.
Rxg4+ Kf6 41. Rxf4+ Ke5 42. Rxf8 Rxf8+ 43. Ke3 dxc5 44. Rh5+ Kd6 45. Rxc5 b6
46. Ne4+ Kd7 47. Rc2 Rh8 48. Kd4 Rh4 49. a4 Ke6 50. Rc6+ Kf5 51. Rf6+ Kg4 52.
Rxb6 a5 53. bxa5 Kf3 54. Rf6+ Kg4 55. a6 Rh7 56. Rb6 1-0

[Event "CAN op"]
[Site "Hamilton CAN"]
[Date "2022.07.15"]
[Round "6.19"]
[White "Wu, Lucian"]
[Black "Rek, Slava"]
[Result "1/2-1/2"]
[WhiteElo "1726"]
[BlackElo "2331"]
[PlyCount "83"]
[EventDate "2022.07.12"]
[EventType "swiss"]
[EventRounds "9"]
[EventCountry "CAN"]

1. d4 Nf6 2. c4 e5 3. dxe5 Ng4 4. Nf3 Bc5 5. e3 Nc6 6. Be2 Ncxe5 7. h3 Nxf3+ 8.
Bxf3 Ne5 9. Be2 Bb4+ 10. Bd2 Bxd2+ 11. Nxd2 O-O 12. Nf3 d6 13. O-O Be6 14. Qc2
Nxf3+ 15. Bxf3 Qf6 16. Be4 h6 17. Rfd1 Rad8 18. Rd2 b6 19. Rad1 a5 20. Rd4 Qg5
21. Kh1 Kh8 22. Kh2 Bd7 23. Rd5 Qh4 24. Bf3 Qe7 25. Rh5 g6 26. Qc3+ Kh7 27.
Rhd5 Bc6 28. R5d4 Bxf3 29. gxf3 Qf6 30. f4 Rde8 31. Qc2 Re6 32. Kg3 Rfe8 33. a3
Qe7 34. b4 axb4 35. axb4 Ra8 36. Kh2 Rf6 37. Re4 Re6 38. Red4 Qf6 39. c5 dxc5
40. bxc5 Ra5 41. cxb6 cxb6 42. Rd7 1/2-1/2

[Event "CAN op"]
[Site "Hamilton CAN"]
[Date "2022.07.15"]
[Round "6.20"]
[White "Nicholson, Devin"]
[Black "Gavrilin, Roman"]
[Result "0-1"]
[WhiteElo "1545"]
[BlackElo "2235"]
[PlyCount "46"]
[EventDate "2022.07.12"]
[EventType "swiss"]
[EventRounds "9"]
[EventCountry "CAN"]

1. c4 e5 2. g3 g6 3. Nc3 Bg7 4. Bg2 Ne7 5. e3 O-O 6. Nge2 Nbc6 7. O-O d6 8. d4
exd4 9. exd4 Nf5 10. d5 Ne5 11. b3 h5 12. h3 a6 13. Rb1 b5 14. cxb5 axb5 15. a4
bxa4 16. bxa4 Nd7 17. Ba3 Ba6 18. Re1 Re8 19. Nb5 Nb6 20. Qb3 Bxb5 21. axb5
Rxe2 22. Rxe2 Nd4 23. Qd3 Nxe2+ 0-1

[Event "CAN op"]
[Site "Hamilton CAN"]
[Date "2022.07.15"]
[Round "6.21"]
[White "Han, Johnathan"]
[Black "Schneider, Mitchell"]
[Result "1-0"]
[WhiteElo "2232"]
[BlackElo "1684"]
[PlyCount "52"]
[EventDate "2022.07.12"]
[EventType "swiss"]
[EventRounds "9"]
[EventCountry "CAN"]

1. e4 c5 2. Nf3 d6 3. d4 cxd4 4. Nxd4 Nf6 5. Nc3 a6 6. Bg5 e6 7. f4 Be7 8. Qf3
Qc7 9. O-O-O Nbd7 10. f5 Ne5 11. Qh3 Nfg4 12. Bxe7 Qxe7 13. Qg3 h5 14. Qf4 Qf6
15. h3 Qh6 16. Qxh6 Nxh6 17. Be2 exf5 18. Bxh5 O-O 19. exf5 Bxf5 20. g4 g6 21.
Nxf5 Nxf5 22. gxf5 gxh5 23. Rxd6 Rad8 24. Rh6 f6 25. Ne4 Nf3 26. Rf1 Rfe8 1-0